Vrai ou Faux NBA #1 - Statistiques

Statistiques générales
  • Ce quiz a été pris 160 fois
  • Le résultat moyen est 8 sur 10
Statistiques - réponses
Question Réponse % Correct
Kevin Durant et le joueur le plus vieux a joué actuellement en NBA Faux
96%
Le meilleur marqueur en NBA en therme de points est Lebron James Vrai
89%
La hauteur du panier en NBA est de 3m00 Faux
88%
Le record du joueur le plus grand de l'histoire de la NBA est de 2m31 Vrai
87%
Il y a 30 équipe en NBA Vrai
80%
Le record d'intercepetion en 1 match est de 10 Faux
68%
Les Lakers est la franchise la plus titré en NBA en 2025 Faux
66%
Shaquille O'neal n'a réussi qu'un seul panier a 3 points de toute sa carrière Vrai
66%
La taille moyenne d'un joueur NBA est de 2m00 Vrai
59%
Michael Jordan est le joueur ayant le plus de titre MVP de l'histoire Faux
54%
Aucun quiz correspondant
Distribution des résultats
% des personnes avec chaque résultat
Percentile par nombre de réponses
Votre historique - résultats
Vous n’avez pas pris ce quiz